000
00276nam a22001217a 4500
020
_a
0-7214-1644-6
082
_a
823
_b
HAR/M
100
_a
HARKER, JILLIAN
245
_a
TODDLERS MY BEST FRIENDS
260
_a
LONDON
_b
LADY BIRD
650
_a
ENGLISH SHORT STORY
_z
UK
942
_c
BK
999
_c
2373
_d
2373